00469 2200169 4500001002100000008004100021035002000062245006200082100002100144260004400165300001100209020002200220084001400242082000800256650001600264990001900280INLIS000000000002233 ind  a0010-0724002233 aAbu Dzar Al-GhifaribPembela Kaum DhuafacKandil dermawan aDermawan, kandil aJakarta :bPT. Luxima Metro Mediac2015 a77 hlm a978-602-268-057-4 a297 KAN a a297 aAGAMA ISLAM aP29/CP/24/2233